000 00548nam a2200133Ia 4500
008 171212s9999 xx 000 0 und d
020 _a9780833038111
100 _aHunter, Robert E.;Jones, Seth G.
245 _cHunter, Robert E.;Jones, Seth G.
_aBuilding a Successful Palestinian State
_bSecurity
260 _bRAND Corporation
_c2006
650 _aArab-Israeli conflict -- 1993 -- Peace; Palestinian Arabs -- Politics and government; National security -- Israel
650 _aPolitical Science
856 _uwww.jstor.org/stable/10.7249/mg146-2dcr
999 _c351811
_d351811